[Event "4NCL Division 4 South"]
[Site "Daventry, ENG"]
[Date "2018.11.18"]
[Round "2.202"]
[White "Covey, Jason"]
[Black "Tselos, Aristotelis"]
[Result "0-1"]
[WhiteElo "2087"]
[BlackElo "1817"]
[PlyCount "52"]
[EventDate "2018.11.18"]
[WhiteTeam "Barnet Knights 2"]
[BlackTeam "Oxford 4"]

1. e4 e5 2. Nf3 Nc6 3. Bb5 a6 4. Ba4 d6 5. c3 Nf6 6. d3 Be7 7. O-O O-O 8. Re1
Bg4 9. Nbd2 b5 10. Bc2 d5 11. h3 Bh5 12. Qe2 d4 13. Nf1 dxc3 14. bxc3 b4 15.
Ng3 Bxf3 16. Qxf3 bxc3 17. Nf5 Nd4 18. Qg3 Nh5 19. Qxe5 Bf6 20. Nh6+ gxh6 21.
Qxh5 Nxc2 22. Bxh6 Bg7 23. Qg4 Qf6 24. Bg5 Qg6 25. h4 h6 26. Qe2 Nxe1 0-1

[Event "4NCL Division 4 South"]
[Site "Daventry, ENG"]
[Date "2018.11.18"]
[Round "2.205"]
[White "Willis, Graham"]
[Black "Wolstenholme, Otis"]
[Result "1/2-1/2"]
[WhiteElo "1727"]
[BlackElo "1712"]
[PlyCount "65"]
[EventDate "2018.11.18"]
[WhiteTeam "Oxford 4"]
[BlackTeam "Barnet Knights 2"]

1. Nc3 d5 2. e4 e6 3. Nf3 dxe4 4. Nxe4 Nd7 5. d4 Ngf6 6. Bd3 c5 7. Be3 cxd4 8.
Bxd4 Nxe4 9. Bxe4 Nf6 10. Bd3 Be7 11. Qe2 Qc7 12. O-O h6 13. Rad1 O-O 14. c3
Rd8 15. Rfe1 b6 16. Be5 Bd6 17. Bxf6 gxf6 18. Qe4 f5 19. Qh4 Kg7 20. Nd4 Be7
21. Qh5 Bb7 22. Rxe6 Bg5 23. Nxf5+ Kf8 24. Ree1 Qc6 25. f3 Rxd3 26. Rxd3 Qc5+
27. Ree3 Qxf5 28. f4 Ba6 29. fxg5 Bxd3 30. Qxh6+ Kg8 31. Rf3 Qe5 32. h4 Qe1+
33. Kh2 1/2-1/2

[Event "4NCL Division 4 South"]
[Site "Daventry, ENG"]
[Date "2018.11.18"]
[Round "2.208"]
[White "Vaidya, Raghav"]
[Black "Matilal, Tamal"]
[Result "1-0"]
[WhiteElo "1622"]
[BlackElo "1440"]
[PlyCount "77"]
[EventDate "2018.11.18"]
[WhiteTeam "Barnet Knights 2"]
[BlackTeam "Oxford 4"]

1. e4 g6 2. d4 c5 3. Nf3 Bg7 4. Be3 Nc6 5. Nc3 cxd4 6. Nxd4 a6 7. Nxc6 bxc6 8.
Bc4 d6 9. O-O Nf6 10. Rb1 Qc7 11. h3 O-O 12. Qd2 Nxe4 13. Nxe4 d5 14. Bd3 dxe4
15. Bxe4 Rd8 16. Qc1 Qe5 17. Bxc6 Rb8 18. Bf4 Qc5 19. Bxb8 Qxc6 20. Rd1 Rf8 21.
Bf4 Bf5 22. Rd2 Rc8 23. Qd1 Bxc2 24. Rd8+ Bf8 25. Rxc8 Qxc8 26. Rc1 Bxd1 27.
Rxc8 Kg7 28. Bh6+ Kxh6 29. Rxf8 Kg7 30. Ra8 Be2 31. b4 Bc4 32. a4 e6 33. b5
axb5 34. a5 b4 35. a6 b3 36. a7 Kf6 37. Rb8 Bd5 38. a8=Q b2 39. Qa3 1-0

[Event "4NCL Division 4 South"]
[Site "Bedford, ENG"]
[Date "2019.01.12"]
[Round "3.11"]
[White "Rudge, Jerry F"]
[Black "Rabbitt, Michael"]
[Result "1/2-1/2"]
[WhiteElo "2057"]
[BlackElo "2004"]
[PlyCount "38"]
[EventDate "2019.01.12"]
[WhiteTeam "Watford 1"]
[BlackTeam "Check Innmates 2"]

1. e4 e5 2. Nf3 Nc6 3. Bc4 Bc5 4. c3 Nf6 5. d3 d6 6. O-O Bb6 7. h3 Ne7 8. a4 c6
9. Bb3 Ng6 10. Re1 O-O 11. Na3 Be6 12. Nc4 Bc7 13. Bc2 Qd7 14. Ng5 Rad8 15.
Nxe6 fxe6 16. d4 exd4 17. cxd4 d5 18. exd5 Qxd5 19. Qe2 Nf4 1/2-1/2

[Event "4NCL Division 4 South"]
[Site "Bedford, ENG"]
[Date "2019.01.12"]
[Round "3.12"]
[White "Tomboline, David"]
[Black "Nelson, Omowale"]
[Result "1/2-1/2"]
[WhiteElo "1941"]
[BlackElo "2027"]
[PlyCount "51"]
[EventDate "2019.01.12"]
[WhiteTeam "Check Innmates 2"]
[BlackTeam "Watford 1"]

1. d4 d5 2. Nf3 Nf6 3. Bf4 Bf5 4. e3 e6 5. Bd3 Bxd3 6. Qxd3 c6 7. Nbd2 Bd6 8.
Bg3 Qc7 9. Bxd6 Qxd6 10. Ne5 Nfd7 11. f4 f6 12. Nef3 c5 13. c3 Nc6 14. O-O O-O
15. Rae1 e5 16. fxe5 fxe5 17. e4 exd4 18. cxd4 cxd4 19. exd5 Qxd5 20. Nb3 Rad8
21. Re4 Nf6 22. Rf4 Rd7 23. Nfxd4 Rfd8 24. Rd1 Qe5 25. g3 g5 26. Rf5 1/2-1/2

[Event "4NCL Division 4 South"]
[Site "Bedford, ENG"]
[Date "2019.01.12"]
[Round "3.13"]
[White "Karamazondo, Ernest"]
[Black "Usharovsky, Ron"]
[Result "1-0"]
[WhiteElo "1930"]
[BlackElo "1742"]
[PlyCount "61"]
[EventDate "2019.01.12"]
[WhiteTeam "Watford 1"]
[BlackTeam "Check Innmates 2"]

1. e4 c6 2. Nc3 d5 3. Nf3 dxe4 4. Nxe4 Nf6 5. Ng3 Bg4 6. Bc4 e6 7. h3 Bxf3 8.
Qxf3 Bd6 9. O-O Nbd7 10. d4 Nb6 11. Bd3 Bxg3 12. Qxg3 Qxd4 13. Be3 Qd5 14. Rad1
O-O-O 15. a4 Ne4 16. Qf4 f5 17. a5 g5 18. Qh2 Nd7 19. Bxa7 Qe5 20. Bxe4 Qxh2+
21. Kxh2 fxe4 22. Be3 h6 23. Rd6 Nf8 24. a6 bxa6 25. Rxc6+ Kd7 26. Rxa6 Ng6 27.
Bc5 Rde8 28. Rd1+ Kc7 29. Rdd6 Ne5 30. Bd4 Nd7 31. Bxh8 1-0

[Event "4NCL Division 4 South"]
[Site "Bedford, ENG"]
[Date "2019.01.12"]
[Round "3.14"]
[White "Cook, Brian"]
[Black "Lancaster, Roger"]
[Result "0-1"]
[WhiteElo "1635"]
[BlackElo "1960"]
[PlyCount "64"]
[EventDate "2019.01.12"]
[WhiteTeam "Check Innmates 2"]
[BlackTeam "Watford 1"]

1. Nc3 e6 2. e4 c5 3. Bc4 a6 4. d3 b5 5. Bb3 Bb7 6. Nf3 Be7 7. O-O Nc6 8. Ne2
d5 9. c3 dxe4 10. dxe4 Nf6 11. Ng3 Qc7 12. Qe2 Rd8 13. Bg5 O-O 14. e5 Nd5 15.
Bd2 Rd7 16. Bc2 g6 17. h4 Re8 18. Bh6 f5 19. exf6 Bxf6 20. Ne4 Nd8 21. Nxf6+
Nxf6 22. Ne5 Rd5 23. Rae1 Nf7 24. Nxf7 Qxf7 25. Bg5 Kg7 26. c4 bxc4 27. Qxc4 h6
28. Be3 Qe7 29. Qf4 Rh5 30. Qc4 Nd7 31. Bf4 Qxh4 32. Qc3+ Kf7 0-1

[Event "4NCL Division 4 South"]
[Site "Bedford, ENG"]
[Date "2019.01.12"]
[Round "3.15"]
[White "Luberto, Michael"]
[Black "Usharovsky, Tom"]
[Result "1-0"]
[WhiteElo "1900"]
[BlackElo "1630"]
[PlyCount "225"]
[EventDate "2019.01.12"]
[WhiteTeam "Watford 1"]
[BlackTeam "Check Innmates 2"]

1. e4 e5 2. Nf3 Nc6 3. Bb5 a6 4. Ba4 Bc5 5. O-O b5 6. Bb3 Nf6 7. Nxe5 Nxe5 8.
d4 Bxd4 9. Qxd4 d6 10. f4 c5 11. Qd1 Nc6 12. Bd5 Nxd5 13. Qxd5 Bb7 14. e5 dxe5
15. Qxc5 Qd4+ 16. Be3 Qxc5 17. Bxc5 e4 18. Nc3 f5 19. Nd5 Rd8 20. Ne3 g6 21.
Rfd1 Kf7 22. Bb6 Rxd1+ 23. Rxd1 Ke6 24. Bc7 Rc8 25. Rd6+ Kf7 26. Rd7+ Ke6 27.
Rd6+ Kf7 28. Rd7+ Ke6 29. Rxh7 Ne7 30. Be5 Nd5 31. Kf2 Nxe3 32. Kxe3 Bd5 33. c3
Bxa2 34. Rg7 Rd8 35. Bd4 Kd5 36. Rxg6 Kc4 37. Rxa6 Kb3 38. Rf6 Kc2 39. Rxf5 Bc4
40. b4 Rg8 41. Rg5 Ra8 42. Kxe4 Bd3+ 43. Kd5 Rd8+ 44. Kc5 Rc8+ 45. Kd6 Rd8+ 46.
Ke7 Ra8 47. f5 Bc4 48. f6 Ra1 49. h4 Rh1 50. h5 Kd3 51. Rg3+ Ke4 52. Rh3 Rxh3
53. gxh3 Kf5 54. h4 Bb3 55. f7 Bxf7 56. Kxf7 Ke4 57. h6 Kd3 58. h7 Kc2 59. h8=N
Kb3 60. h5 Kc2 61. h6 Kb3 62. h7 Kc2 63. Ng6 Kb3 64. h8=N Kc2 65. c4 bxc4 66.
b5 Kd3 67. Be3 c3 68. b6 c2 69. Bf4 Ke2 70. b7 c1=Q 71. Bxc1 Kd1 72. b8=B Kxc1
73. Ke6 Kd1 74. Kd5 Ke1 75. Ke4 Kd1 76. Nf4 Ke1 77. Nd3+ Ke2 78. Ba7 Kf1 79.
Nf2 Kg1 80. Kf3 Kf1 81. Kg3 Ke2 82. Ng6 Kd2 83. Bd4 Kc2 84. Ne5 Kb3 85. Kf4 Kb4
86. Ke4 Kb5 87. Nfd3 Ka6 88. Kd5 Kb7 89. Nb4 Ka8 90. Kc6 Kb8 91. Na6+ Ka8 92.
Nc7+ Kb8 93. Nd7+ Kc8 94. Nb8 Kxb8 95. Bc5 Kc8 96. Ba7 Kd8 97. Nd5 Ke8 98. Kd6
Kf7 99. Ne7 Kf6 100. Be3 Kf7 101. Bd4 Ke8 102. Ke6 Kd8 103. Bb6+ Ke8 104. Bc7
Kf8 105. Nf5 Ke8 106. Ng7+ Kf8 107. Kf6 Kg8 108. Kg6 Kf8 109. Bd6+ Kg8 110. Be7
Kh8 111. Nf5 Kg8 112. Nh6+ Kh8 113. Bf6# 1-0

[Event "4NCL Division 4 South"]
[Site "Bedford, ENG"]
[Date "2019.01.12"]
[Round "3.16"]
[White "Arora, Tashika"]
[Black "Dunlop, Neil J"]
[Result "0-1"]
[WhiteElo "1374"]
[BlackElo "1900"]
[PlyCount "150"]
[EventDate "2019.01.12"]
[WhiteTeam "Check Innmates 2"]
[BlackTeam "Watford 1"]

1. d4 f5 2. Nf3 e6 3. Bf4 Nf6 4. e3 Be7 5. Be2 Nh5 6. Bg3 O-O 7. O-O Nxg3 8.
hxg3 d6 9. c4 Nd7 10. Nc3 b6 11. Rc1 Bb7 12. Qb3 c5 13. d5 e5 14. Qc2 Bc8 15.
Qd2 Nf6 16. a3 Ng4 17. b4 Rf6 18. bxc5 bxc5 19. Rb1 Qe8 20. Ng5 Rh6 21. Nh3 Nf6
22. Nb5 Qd8 23. Ng5 Ne8 24. Nf3 g5 25. Nc3 g4 26. Nh2 Bg5 27. Qc2 Ng7 28. e4
Qe8 29. Rfd1 Qh5 30. Bd3 Qxh2+ 31. Kf1 Qh1+ 32. Ke2 Qxg2 33. Rg1 Qf3+ 34. Ke1
Rh1 35. Rxh1 Qxh1+ 36. Ke2 Qh5 37. exf5 Be7 38. Qa4 Nxf5 39. Bxf5 Bxf5 40. Rb7
Kf7 41. Nb5 Kf6 42. Nc7 Rf8 43. Ne6 Bxe6 44. dxe6 Qf5 45. Rxa7 Qxe6 46. Qc2 Rf7
47. a4 Qf5 48. Qxf5+ Kxf5 49. Kd3 Ke6 50. Ke2 Rf3 51. a5 Rc3 52. a6 Rxc4 53.
Rb7 Ra4 54. a7 h6 55. f3 gxf3+ 56. Kxf3 Bg5 57. Rc7 Kd5 58. Rd7 e4+ 59. Ke2
Ra2+ 60. Kf1 Kc6 61. Rf7 d5 62. Ke1 d4 63. Rg7 d3 64. Rg6+ Kd5 65. Rg7 Be3 66.
Kf1 c4 67. Rd7+ Kc6 68. Rf7 Rxa7 69. Rf6+ Kc5 70. Rf5+ Kb4 71. Re5 Ra1+ 72. Kg2
d2 73. Rxe4 d1=Q 74. Rxe3 Ra2+ 75. Kh3 Qh5# 0-1

[Event "4NCL Division 4 South"]
[Site "Bedford, ENG"]
[Date "2019.01.12"]
[Round "3.21"]
[White "Freeland, Alex"]
[Black "Simons, Martin J"]
[Result "1/2-1/2"]
[WhiteElo "2036"]
[BlackElo "2012"]
[PlyCount "40"]
[EventDate "2019.01.12"]
[WhiteTeam "West is Best 3"]
[BlackTeam "Wessex B"]

1. d4 c5 2. d5 Nf6 3. c4 b5 4. Qc2 g6 5. e4 bxc4 6. Bxc4 d6 7. Nf3 Nbd7 8. O-O
Bg7 9. h3 O-O 10. Nc3 Qb6 11. Bg5 Ba6 12. Bxa6 Qxa6 13. Rfe1 Rab8 14. e5 dxe5
15. Nxe5 Nxe5 16. Rxe5 Qb7 17. Rae1 Qxb2 18. Qxb2 Rxb2 19. Rxe7 Rc2 20. Rc1
Rxc3 1/2-1/2

[Event "4NCL Division 4 South"]
[Site "Bedford, ENG"]
[Date "2019.01.12"]
[Round "3.22"]
[White "Duggan, Michael F G"]
[Black "Stephens, John KF"]
[Result "0-1"]
[WhiteElo "2050"]
[BlackElo "1963"]
[PlyCount "48"]
[EventDate "2019.01.12"]
[WhiteTeam "Wessex B"]
[BlackTeam "West is Best 3"]

1. e4 c5 2. Nc3 Nc6 3. g3 g6 4. Bg2 Bg7 5. Nge2 d6 6. d3 Rb8 7. O-O b5 8. f4 b4
9. Nd5 e6 10. Ne3 Nd4 11. g4 f5 12. gxf5 exf5 13. exf5 Nxf5 14. Nxf5 gxf5 15.
d4 Qc7 16. Be3 Nf6 17. dxc5 $11 dxc5 18. Bd5 Ke7 19. c4 bxc3 20. Nxc3 Rd8 21.
Rf2 Ng4 22. Re2 Kf8 23. Kh1 Bxc3 24. bxc3 Rxd5 0-1

[Event "4NCL Division 4 South"]
[Site "Bedford, ENG"]
[Date "2019.01.12"]
[Round "3.23"]
[White "Davies, Matthew"]
[Black "Weatherlake, John P"]
[Result "0-1"]
[WhiteElo "1945"]
[BlackElo "2012"]
[PlyCount "72"]
[EventDate "2019.01.12"]
[WhiteTeam "West is Best 3"]
[BlackTeam "Wessex B"]

1. d4 d6 2. c4 e5 3. d5 f5 4. Nc3 Nf6 5. Nf3 Be7 6. g3 O-O 7. Bg2 Qe8 8. e3
Nbd7 9. Qe2 Nc5 10. b4 Nce4 11. Nxe4 Nxe4 12. Nd2 Nxd2 13. Bxd2 Qg6 14. O-O Bd7
15. Bc3 h5 16. f4 e4 17. Rf2 Kf7 18. Qe1 h4 19. Rd2 Rh8 20. Bd4 Rh7 21. a4 Rah8
22. c5 Qg4 23. Rc2 hxg3 24. hxg3 Rh3 25. Bxh3 Rxh3 26. Raa2 Bh4 27. Rg2 Bxg3
28. Qe2 Qh4 29. Kf1 g5 30. c6 bxc6 31. dxc6 Be6 32. Rc2 gxf4 33. exf4 Qxf4+ 34.
Rf2 Rh1+ 35. Kg2 Qh4 36. Rf1 Qh3# 0-1

[Event "4NCL Division 4 South"]
[Site "Bedford, ENG"]
[Date "2019.01.12"]
[Round "3.24"]
[White "De Coverly, Roger D"]
[Black "Jukes, Sam"]
[Result "1-0"]
[WhiteElo "1938"]
[BlackElo "1914"]
[PlyCount "165"]
[EventDate "2019.01.12"]
[WhiteTeam "Wessex B"]
[BlackTeam "West is Best 3"]

1. Nf3 Nf6 2. g3 d5 3. Bg2 e6 4. O-O c5 5. d3 Bd6 6. Nbd2 O-O 7. e4 Nc6 8. Re1
Qc7 9. Qe2 Ng4 10. c3 f5 11. exd5 exd5 12. Ng5 Ne7 13. Ndf3 Rf6 14. Nh3 Re6 15.
Qf1 Rxe1 16. Qxe1 Bd7 17. Bf4 Re8 18. Qd2 Ng6 19. Bxd6 Qxd6 20. d4 Nf6 21. dxc5
Qxc5 22. Rd1 Bc6 23. Nd4 Ne4 24. Qc1 Ne5 25. Qf4 g6 26. Ng5 Nxg5 27. Qxg5 Qe7
28. Qxe7 Rxe7 29. b4 a6 30. Nb3 Rd7 31. Nc5 Rd6 32. Re1 Nd7 33. Nb3 Kf7 34. h4
Nf8 35. Nd4 Ne6 36. Rd1 Kf6 37. Kf1 Nxd4 38. Rxd4 Bb5+ 39. Kg1 Bc4 40. a3 Ke6
41. Bf3 b5 42. Kg2 h6 43. g4 Ke5 44. Kg3 Bb3 45. Be2 Rc6 46. Rd3 f4+ 47. Kg2
Bc2 48. Rd2 Rxc3 49. Bf3 Be4 50. Bxe4 dxe4 51. Rd8 Rxa3 52. Rg8 Kf6 53. Rf8+
Ke5 54. Rg8 Rd3 55. Re8+ Kd5 56. Rg8 Kc4 57. Rxg6 Kxb4 58. Rxa6 Kc5 59. Rxh6
Rd8 60. Rf6 b4 61. Rxf4 Rd4 62. Rf5+ Kc4 63. h5 e3 64. fxe3 Rxg4+ 65. Kf3 Rg8
66. h6 b3 67. Rh5 b2 68. Rh1 Rh8 69. h7 Kb3 70. Rh6 Kc2 71. Rc6+ Kd2 72. Rd6+
Kc1 73. Rc6+ Kb1 74. Rc7 Ra8 75. Kf4 Rb8 76. Kg5 Rh8 77. Kg6 Ka2 78. Ra7+ Kb3
79. Rb7+ Kc3 80. Kg7 Rd8 81. h8=Q Rd7+ 82. Rxd7 b1=Q 83. Qc8+ 1-0

[Event "4NCL Division 4 South"]
[Site "Bedford, ENG"]
[Date "2019.01.12"]
[Round "3.25"]
[White "Hurley, Jake"]
[Black "Pentakota, Rajasekhar"]
[Result "0-1"]
[WhiteElo "1929"]
[BlackElo "1937"]
[PlyCount "109"]
[EventDate "2019.01.12"]
[WhiteTeam "West is Best 3"]
[BlackTeam "Wessex B"]

1. e4 c5 2. Nf3 e6 3. d3 Nc6 4. Nbd2 Qc7 5. g3 Nf6 6. Bg2 Be7 7. O-O O-O 8. Re1
d6 9. a4 b6 10. Nc4 Bb7 11. Bf4 Nh5 12. Bd2 Nf6 13. Bc3 a6 14. a5 b5 15. Ne3 b4
16. Bxf6 Bxf6 17. Nc4 d5 18. e5 Be7 19. Ncd2 Nxa5 20. h4 Nc6 21. c3 a5 22. d4
c4 23. Bh3 b3 24. Kg2 Na7 25. Rh1 Nb5 26. Ng5 g6 27. Qg4 h5 28. Qf4 Bxg5 29.
Qxg5 Kh7 30. Nf3 Qd8 31. Qf4 Bc8 32. g4 f6 33. gxh5 gxh5 34. Kf1 a4 35. Rg1 a3
36. exf6 Qxf6 37. Ng5+ Kh8 38. Qxf6+ Rxf6 39. Ke2 Bd7 40. f3 Rff8 41. Kd2 axb2
42. Rab1 Ra2 43. Bxe6 Bxe6 44. Nxe6 Rxf3 45. Rg5 Rd3+ 46. Ke1 Re3+ 47. Kf2 Rxe6
48. Kf3 Rf6+ 49. Ke3 Nxc3 50. Rbg1 b1=Q 51. Rg8+ Kh7 52. Rh8+ Kxh8 53. Rg8+ Kh7
54. Rh8+ Kg6 55. Rxh5 0-1

[Event "4NCL Division 4 South"]
[Site "Bedford, ENG"]
[Date "2019.01.12"]
[Round "3.26"]
[White "Gregory, Keith D F"]
[Black "Gregory, Andrew M"]
[Result "1/2-1/2"]
[WhiteElo "1972"]
[BlackElo "1951"]
[PlyCount "41"]
[EventDate "2019.01.12"]
[WhiteTeam "Wessex B"]
[BlackTeam "West is Best 3"]

1. Nf3 d6 2. c4 g6 3. Nc3 Bg7 4. g3 e5 5. Bg2 Ne7 6. O-O O-O 7. Rb1 c6 8. b4
Nd7 9. d3 f5 10. Bd2 h6 11. Ne1 Kh7 12. a4 Nf6 13. b5 Qc7 14. Nc2 Be6 15. a5 d5
16. cxd5 cxd5 17. b6 axb6 18. Nb5 Qd8 19. axb6 Qxb6 20. Nbd4 Qd6 21. Nxe6
1/2-1/2

[Event "4NCL Division 4 South"]
[Site "Bedford, ENG"]
[Date "2019.01.12"]
[Round "3.31"]
[White "Cooksey, Paul S"]
[Black "Pink, Joshua"]
[Result "1-0"]
[WhiteElo "2278"]
[BlackElo "1982"]
[PlyCount "61"]
[EventDate "2019.01.12"]
[WhiteTeam "Crowthorne 1"]
[BlackTeam "Throw in the Tal"]

1. d4 Nf6 2. Nf3 g6 3. c3 Bg7 4. Bg5 d6 5. Nbd2 Nbd7 6. e4 O-O 7. Be2 c5 8. d5
h6 9. Bh4 Nh5 10. O-O g5 11. Bg3 Nxg3 12. hxg3 f5 13. exf5 Rxf5 14. Nc4 Rf8 15.
Bd3 b5 16. Ne3 c4 17. Bc2 Ne5 18. Nxe5 Bxe5 19. Qh5 Bg7 20. a4 Rb8 21. axb5
Rxb5 22. Qg6 Rf6 23. Qh7+ Kf7 24. Rxa7 Rxb2 25. Re1 Bd7 26. Bf5 Bc8 27. Bxc8
Qxc8 28. Rxe7+ Kxe7 29. Qxg7+ Rf7 30. Nf5+ Kd8 31. Qxf7 1-0

[Event "4NCL Division 4 South"]
[Site "Bedford, ENG"]
[Date "2019.01.12"]
[Round "3.32"]
[White "Ireland, David J"]
[Black "Webb, Richard M"]
[Result "0-1"]
[WhiteElo "1997"]
[BlackElo "2206"]
[PlyCount "48"]
[EventDate "2019.01.12"]
[WhiteTeam "Throw in the Tal"]
[BlackTeam "Crowthorne 1"]

1. e4 c5 2. Nc3 Nc6 3. Bb5 Nd4 4. Bc4 e6 5. Nf3 Nf6 6. O-O a6 7. d3 b5 8. Bb3
Nxb3 9. axb3 Bb7 10. e5 Nd5 11. Ne4 d6 12. Bg5 f6 13. exf6 gxf6 14. Bh4 Be7 15.
Re1 O-O 16. Qd2 Qe8 17. Ng3 Qf7 18. Re2 Rae8 19. Rae1 Nc7 20. Qf4 Kh8 21. c4 e5
22. Qf5 Ne6 23. Ne4 Nf4 24. Re3 Bc8 0-1

[Event "4NCL Division 4 South"]
[Site "Bedford, ENG"]
[Date "2019.01.12"]
[Round "3.33"]
[White "Coates, Kenneth G"]
[Black "Goodwin, Ed H"]
[Result "1/2-1/2"]
[WhiteElo "2071"]
[BlackElo "1855"]
[PlyCount "172"]
[EventDate "2019.01.12"]
[WhiteTeam "Crowthorne 1"]
[BlackTeam "Throw in the Tal"]

1. e4 c5 2. c3 e6 3. d4 d5 4. exd5 exd5 5. Be3 Qb6 6. Qb3 c4 7. Qxb6 axb6 8.
Nf3 Nc6 9. Be2 Nf6 10. Nbd2 b5 11. O-O Be7 12. a3 O-O 13. Rae1 h6 14. Ne5 Bf5
15. f4 Ne4 16. Bf3 f6 17. Nxc6 bxc6 18. g4 Bh7 19. f5 Nxd2 20. Bxd2 Bd6 21. Re6
Rad8 22. Rfe1 Kh8 23. Kg2 Bg8 24. R6e2 Bf7 25. h4 Rfe8 26. Rxe8+ Rxe8 27. Rxe8+
Bxe8 28. Bd1 Bd7 29. Kf3 Kg8 30. Bf4 Be7 31. Bc7 Kf7 32. Kf4 Be8 33. Bc2 Bf8
34. a4 bxa4 35. Bxa4 Ke7 36. Bb6 Kd7 37. Bc5 Bd6+ 38. Bxd6 Kxd6 39. g5 hxg5+
40. hxg5 Bf7 41. Bd1 Be8 42. Kg4 Bd7 43. Bc2 Be8 44. Kh4 Bd7 45. gxf6 gxf6 46.
Kh5 Ke7 47. Kg6 Be8+ 48. Kg7 Bd7 49. Bb1 Bc8 50. Kg6 Bd7 51. Bc2 Be8+ 52. Kg7
Bd7 53. Kg8 Bc8 54. Kg7 Bd7 55. Kg6 Be8+ 56. Kh7 Bd7 57. Kg7 Bc8 58. Kg6 Bd7
59. Bd1 Be8+ 60. Kg7 Bd7 61. Bg4 Bc8 62. Kg6 Bd7 63. Bh5 Bc8 64. Bd1 Bd7 65.
Bc2 Be8+ 66. Kh6 Bd7 67. Kh5 Be8+ 68. Kg4 Kd6 69. Kf4 Bd7 70. Bd1 Be8 71. Be2
Bf7 72. Kg4 Be8 73. Bf3 Bd7 74. Bd1 Be8 75. Kh4 Bd7 76. Bg4 Ke7 77. Kh5 Be8+
78. Kh6 Bd7 79. Kg7 Bc8 80. Kg6 Bd7 81. Bh5 Bc8 82. Bd1 Bd7 83. b3 cxb3 84.
Bxb3 Be8+ 85. Kg7 Bd7 86. Bc2 Bc8 1/2-1/2

[Event "4NCL Division 4 South"]
[Site "Bedford, ENG"]
[Date "2019.01.12"]
[Round "3.34"]
[White "Graff, Ben"]
[Black "Purdon, Colin"]
[Result "1/2-1/2"]
[WhiteElo "1825"]
[BlackElo "2050"]
[PlyCount "97"]
[EventDate "2019.01.12"]
[WhiteTeam "Throw in the Tal"]
[BlackTeam "Crowthorne 1"]

1. d4 d5 2. Bf4 Nf6 3. e3 e6 4. c3 Bd6 5. Bg3 c5 6. Nd2 O-O 7. Bd3 b6 8. e4 Be7
9. e5 Nfd7 10. f4 cxd4 11. cxd4 Nc6 12. Bxh7+ Kxh7 13. Qc2+ Kg8 14. Qxc6 Ba6
15. Qa4 Qc8 16. Ngf3 f6 17. Bh4 b5 18. Qd1 b4 19. Kf2 Qd8 20. Qa4 Bb7 21. exf6
Nxf6 22. Bxf6 Rxf6 23. g3 Qb6 24. Rhe1 Bc6 25. Qd1 Be8 26. Kg2 Bh5 27. Qe2 Rc8
28. Rac1 Rxc1 29. Rxc1 Rf8 30. Qe5 Bg6 31. Qc7 Bd8 32. Qc6 Be8 33. Qxb6 Bxb6
34. Nb3 Bg6 35. Ne5 Be4+ 36. Kg1 Re8 37. Nd7 Re7 38. Nxb6 axb6 39. Rc6 Ra7 40.
Nc1 Bb1 41. Rxe6 Bxa2 42. Rxb6 Bc4 43. Kf2 Ra1 44. b3 Rxc1 45. bxc4 Rxc4 46.
Ke3 Rc3+ 47. Kd2 Rc4 48. Kd3 Rc3+ 49. Kd2 1/2-1/2

[Event "4NCL Division 4 South"]
[Site "Bedford, ENG"]
[Date "2019.01.12"]
[Round "3.35"]
[White "Tart, Peter K"]
[Black "Price, Andrew"]
[Result "0-1"]
[WhiteElo "1946"]
[BlackElo "1810"]
[PlyCount "76"]
[EventDate "2019.01.12"]
[WhiteTeam "Crowthorne 1"]
[BlackTeam "Throw in the Tal"]

1. e4 c5 2. Nc3 Nc6 3. Bb5 d6 4. Bxc6+ bxc6 5. d3 g6 6. f4 Bg7 7. Nf3 e6 8. O-O
Ne7 9. Qe1 O-O 10. e5 d5 11. Na4 c4 12. dxc4 dxc4 13. Be3 Nd5 14. Rd1 Qc7 15.
Bc5 Rd8 16. Ng5 Ba6 17. Rf3 Bb5 18. Nc3 Qa5 19. Qh4 h6 20. Nce4 Rd7 21. Rdf1
Qd8 22. Qh3 c3 23. bxc3 Bxf1 24. Rxf1 Rb8 25. c4 Ne7 26. Nf6+ Bxf6 27. Nxe6
fxe6 28. Qxe6+ Kh7 29. exf6 Nf5 30. g4 Nh4 31. Be7 Qe8 32. g5 Nf5 33. Re1 Nd4
34. Qh3 h5 35. f7 Qxf7 36. Qxd7 Nf3+ 37. Kf2 Nxe1 38. Kxe1 Re8 0-1

[Event "4NCL Division 4 South"]
[Site "Bedford, ENG"]
[Date "2019.01.12"]
[Round "3.36"]
[White "Woolgar, Steven G"]
[Black "Leadbetter, Scott"]
[Result "1-0"]
[WhiteElo "1727"]
[BlackElo "1735"]
[PlyCount "135"]
[EventDate "2019.01.12"]
[WhiteTeam "Throw in the Tal"]
[BlackTeam "Crowthorne 1"]

1. c4 e6 2. Nc3 d5 3. cxd5 exd5 4. d4 Bb4 5. Nf3 Ne7 6. g3 Bf5 7. Bg2 c6 8. O-O
Na6 9. a3 Ba5 10. Bf4 Nc7 11. b4 Bb6 12. Qd2 Ne6 13. Be3 Ng6 14. Na4 h5 15. h4
Bc7 16. Nc5 Nxc5 17. bxc5 Bg4 18. Bg5 f6 19. Qd3 Kf7 20. Bd2 Re8 21. Rfe1 Qd7
22. Qb3 Kf8 23. Qd3 Bf5 24. Qb3 b6 25. cxb6 axb6 26. Bb4+ Kg8 27. Nd2 Kh7 28.
Qf3 Rad8 29. Qxh5+ Kg8 30. Qf3 Bg4 31. Qd3 Kf7 32. Nb3 Bd6 33. Rac1 Bxb4 34.
axb4 Qe7 35. Qd2 Rc8 36. e4 Qd7 37. exd5 cxd5 38. Rxe8 Rxe8 39. Qc3 Qe6 40. Qc6
Ne7 41. Qxe6+ Bxe6 42. Bf1 Ra8 43. Ra1 Rxa1 44. Nxa1 Nc6 45. Nc2 Bf5 46. Bb5
Bxc2 47. Bxc6 Be4 48. b5 Ke6 49. Kf1 Kf5 50. Ke2 Kg4 51. Ke3 g5 52. hxg5 fxg5
53. Bd7+ Kh5 54. Be6 Kg6 55. f3 Kf6 56. Bg8 Kg7 57. fxe4 Kxg8 58. exd5 Kf7 59.
Ke4 Ke7 60. Ke5 Kd7 61. g4 Ke7 62. d6+ Kd7 63. Kd5 Kd8 64. Kc6 Kc8 65. d7+ Kd8
66. d5 Ke7 67. Kc7 Kf7 68. d8=Q 1-0

[Event "4NCL Division 4 South"]
[Site "Bedford, ENG"]
[Date "2019.01.12"]
[Round "3.41"]
[White "Smith, Olivia"]
[Black "Madden, Paul"]
[Result "1-0"]
[WhiteElo "2132"]
[BlackElo "2170"]
[PlyCount "88"]
[EventDate "2019.01.12"]
[WhiteTeam "Fischer's Catch"]
[BlackTeam "Ashfield 1"]

1. Nf3 Nf6 2. g3 g6 3. Bg2 Bg7 4. O-O d5 5. d3 Nc6 6. Nbd2 e5 7. e4 O-O 8. Re1
dxe4 9. Nxe4 Nxe4 10. dxe4 Bg4 11. c3 Qxd1 12. Rxd1 f5 13. Re1 f4 14. Nd2 Rad8
15. Bf1 Be6 16. Nc4 Rf7 17. b3 Bf8 18. b4 b5 19. Nb2 Bxb4 20. cxb4 Nxb4 21.
gxf4 Nc2 22. Be3 exf4 23. Bxa7 Ra8 24. Bc5 Nxe1 25. Rxe1 Rxa2 26. Nd3 Rc2 27.
Bd4 Rd7 28. Be5 g5 29. Bf6 g4 30. Nxf4 Kf7 31. Bh4 b4 32. e5 b3 33. Bd3 Rd2 34.
Bxh7 Rd1 35. Rxd1 Rxd1+ 36. Kg2 Bd5+ 37. Nxd5 Rxd5 38. e6+ Kg7 39. e7 Re5 40.
Bd3 b2 41. Kg3 c5 42. Kf4 c4 43. Kxe5 cxd3 44. e8=Q b1=Q 1-0

[Event "4NCL Division 4 South"]
[Site "Bedford, ENG"]
[Date "2019.01.12"]
[Round "3.42"]
[White "Mercs, Peter J"]
[Black "Staniforth, Matthew"]
[Result "1-0"]
[WhiteElo "2080"]
[BlackElo "1958"]
[PlyCount "95"]
[EventDate "2019.01.12"]
[WhiteTeam "Ashfield 1"]
[BlackTeam "Fischer's Catch"]

1. e4 d5 2. exd5 Nf6 3. d4 Bg4 4. f3 Bf5 5. Bd3 Bxd3 6. Qxd3 Nxd5 7. Ne2 Nc6 8.
O-O e5 9. Nbc3 Nxc3 10. bxc3 Bd6 11. f4 exd4 12. cxd4 O-O 13. Bb2 Qe7 14. Ng3
Nb4 15. Qb3 Qe6 16. c4 b5 17. d5 bxc4 18. Qc3 Qg4 19. Qxc4 Rab8 20. Rf2 f6 21.
a3 Na6 22. Bd4 Qc8 23. Rf3 Qb7 24. Nh5 Qb5 25. Qxb5 Rxb5 26. Rg3 Rxd5 27. Nxf6+
Rxf6 28. Bxf6 Kf7 29. Bxg7 Nc5 30. Be5 Ne4 31. Rg7+ Kf8 32. Bxd6+ Kxg7 33. Bxc7
Rd2 34. Re1 Nc5 35. h3 Kf7 36. Ba5 Ra2 37. Bb4 Nd3 38. Rd1 Nb2 39. Rd7+ Kg6 40.
g4 a5 41. Bc3 Nc4 42. Rg7+ Kh6 43. g5+ Kh5 44. Rxh7+ Kg6 45. Rc7 Nxa3 46. Rc6+
Kf7 47. g6+ Kg8 48. Rc8# 1-0

[Event "4NCL Division 4 South"]
[Site "Bedford, ENG"]
[Date "2019.01.12"]
[Round "3.43"]
[White "Rathbone-Jones, Ifan"]
[Black "Garnett, John S"]
[Result "1/2-1/2"]
[WhiteElo "1907"]
[BlackElo "1990"]
[PlyCount "75"]
[EventDate "2019.01.12"]
[WhiteTeam "Fischer's Catch"]
[BlackTeam "Ashfield 1"]

1. d4 Nf6 2. c4 e5 3. dxe5 Ng4 4. Bf4 Nc6 5. Nf3 Bb4+ 6. Nc3 Bxc3+ 7. bxc3 Qe7
8. Qd5 f6 9. exf6 Nxf6 10. Qd3 d6 11. g3 O-O 12. Bg2 Bg4 13. Nd4 Ne5 14. Bxe5
dxe5 15. Nf5 Qa3 16. Ne3 Rad8 17. Qc2 c6 18. O-O Bh5 19. Rfd1 Bg6 20. Qb3 Qe7
21. Rxd8 Rxd8 22. Rd1 Rxd1+ 23. Nxd1 Qd7 24. Ne3 Be4 25. f3 Bg6 26. Nf1 Bf7 27.
a4 b6 28. Kf2 Qd6 29. Bh3 Qc5+ 30. Ne3 a5 31. Bc8 Ne8 32. Bf5 $11 Nd6 33. Bd3
b5 34. Qc2 Nxc4 35. Bxc4 Bxc4 36. Qd1 Bd5 37. axb5 Qxb5 38. c4 1/2-1/2